000 01156nam a2200325 a 4500
003 OSt
005 20251017094100.0
008
020 _a9780323390828 (paperback)
040 _aNUST
_cNUST
_beng
_dNUST
050 _aQR181 ABB
100 1 _aAbbas, Abul K.,
_eAuthor
245 1 0 _aBasic immunology :
_bfunctions and disorders of the immune system/
_cAbul K Abbas ; Andrew H Lichtman & Shiv Pillai illustrations by David L Baker and Alexandra Baker.
250 _aFifth edition.
260 _aSt Louis, Missouri :
_bElsevier,
_c2016.
300 _ax, 335 pages :
_bcolour illustrations ;
_c24 cm.
336 _atext
_btxt
_2rdacontent
337 _aunmediated
_bn
_2rdamedia
338 _avolume
_bnc
_2rdacarrier
504 _aIncludes bibliographical references.
650 1 _aImmunology.
650 _aImmunity.
650 _aImmunologic diseases.
650 _aImmune system
_xPhysiology.
650 _aImmunological deficiency syndromes.
650 _aAllergy.
700 _aLichtman, Andrew H.,
_eAuthor
700 _aPillai, Shiv.,
_eAuthor
942 _cBOOKS
_kQR
_mABB
_2lcc
_hQR181
_n0
_07
999 _c120214
_d120214